| 000 | 01261nam a2200277 i 4500 | ||
|---|---|---|---|
| 001 | 46808 | ||
| 003 | ES-MaACL | ||
| 005 | 20230906161442.0 | ||
| 007 | t| | ||
| 008 | 030401s1967 sp ||||1| spa d | ||
| 245 | 0 | 0 | _aConocer, vivir y difundir la verdad. |
| 260 |
_aMadrid : _bSpeiro, _c1967. |
||
| 300 |
_a48 p. ; _c21 cm. |
||
| 505 | 8 | _aContiene: Deber de conocer, vivir y difundir la verdad / por Gonzalo Cuesta Moreno. La verdad religiosa / por Juan Ramírez Valido. La verdad natural / por Juan Miguel Palacios. Vivir la verdad : las virtudes cardinales y el hombre moderno / por Rafael Gambra Ciudad. Difundir la verdad : caridad y verdad / por José Antonio García de Cortazar y Sagarminaga | |
| 700 | 1 |
_aCuesta Moreno, Gonzalo. _942065 |
|
| 700 | 1 |
_aRamírez Valido, Juan. _995176 |
|
| 700 | 1 |
_aPalacios, Juan Miguel. _988407 |
|
| 700 | 1 |
_aGambra, Rafael. _953775 |
|
| 700 | 1 |
_aGarcía de Cortázar y Sagarminaga, José Antonio. _954416 |
|
| 740 | 0 | _aDeber de conocer, vivir y difundir la verdad. | |
| 740 | 3 | _aLa verdad religiosa. | |
| 740 | 3 | _aLa verdad natural. | |
| 740 | 0 | _aVivir la verdad : Las virtudes cardinales y el hombre moderno. | |
| 740 | 0 | _aDifundir la verdad : Caridad y verdad. | |
| 852 |
_aES-MaACL _j2058-F-1 _bR.62661 |
||
| 999 |
_c46808 _d46808 |
||